01777nam a2200481 i 4500001000700000003000800007005001700015006001900032007001500051008004100066020001800107020002700125035002300152035002400175035002500199035002100224040003100245050002200276080000700298082001200305100002500317245008500342264004300427300004000470336003100510337003300541338004300574490008900617500002300706500006800729500005800797588012500855650001400980650001400994650002501008650003201033650001401065650001301079655002701092710002401119830009001143856006201233111537FlNmELB20241217174242.0m o d | cr cnu||||||||160327s2015 sp o 001 0 spa d z9788468156941 a9788468162034 (e-book) a(MiAaPQ)EBC4421936 a(Au-PeEL)EBL4421936 a(CaPaEBR)ebr11162071 a(OCoLC)984820850 aFINmELBbspaerdacFINmELB 4aHF1007bG136 2015 a650 a3822231 aGago Muñiz, Marta.10aCuaderno del alumno :bescaparatismo comercial (MF0504_3) /cMarta Gago Muñiz. 1aMadrid :bEditorial CEP, S.L.,c[2015] a1 recurso en línea (76 páginas) atextobtxt2rdacontent/spa acomputadorabc2rdamedia/spa arecurso en líneabcr2rdacarrier/spa1 aCertificado de profesionalidad, Implantación y animación de espacios comerciales aContiene índice. a"Programa docente conforme a Real Decreto 1377/2008"--Cubierta. a"Familia profesional Comercio y marketing"--Cubierta. aDescripción basada en recurso en línea; Título de la página del título en PDF (e-libro, visto March 27, 2016). 0aCommerce. 4aComercio. 0aInterior decoration. 4aDecoración de interiores. 0aShopping. 4aCompras. 4aLibros electrónicos.2 aEditorial CEP, S.L. 0aCertificado de profesionalidad, Implantación y animación de espacios comerciales.40uhttps://elibro.net/ereader/politecnicointernacional/50857